000 00619nam a2200217Ia 4500
008 230125s9999 xx 000 0 und d
020 _a81-314-1205-3
041 _aeng
082 _a658.312 44
_bCHA/MUK
100 _aChaudhuri S R , Ed.
_9108926
245 _aDelegation and Empowerment for Growth
250 _a1st Ed.
260 _c2007
_bICFAI publication
_aHyderabad
300 _a226p
440 _aICFAI
500 _aEmpowerment;HRM Gen
650 _aHuman Resource Management
700 _aChaudhuri S R , Ed. & Mukherjee I, Ed.
_9108927
906 _b206
999 _c85655
_d85655